| 000 | 00492nam a22001817a 4500 | ||
|---|---|---|---|
| 005 | 20230314154313.0 | ||
| 040 | _curs | ||
| 050 | _aD 21 Z35 2000 | ||
| 100 |
_94194 _aZaide, Sonia M. _eauthor |
||
| 245 |
_aWorld history _cSonia M. Zaide |
||
| 250 | _a4th edition | ||
| 260 |
_aQuezon City _bAll-Nations Publishing Co. _c2000 |
||
| 336 |
_2rdacontent _atext _btxt |
||
| 337 |
_2rdamedia _aunmediated _bn |
||
| 338 |
_2rdacarrier _avolume _bnc |
||
| 650 | 0 |
_92947 _aWorld history |
|
| 942 |
_2lcc _cF |
||
| 999 |
_c68658 _d68658 |
||